[Event "American op 43rd"]
[Site "Los Angeles"]
[Date "2007.11.23"]
[Round "4"]
[White "Khachiyan, Melikset"]
[Black "Aradhyula, Vaishnav"]
[Result "1/2-1/2"]
[WhiteElo "2506"]
[BlackElo "2129"]
[PlyCount "41"]
[EventDate "2007.11.22"]
[EventType "swiss"]
[EventRounds "7"]
[EventCountry "USA"]
[SourceTitle "CBM 121 Extra"]
[Source "ChessBase"]
[SourceDate "2008.01.10"]
[SourceVersion "1"]
[SourceVersionDate "2008.01.10"]
[SourceQuality "1"]

1. e4 c5 2. Nf3 Nc6 3. Bb5 g6 4. Bxc6 dxc6 5. d3 Bg7 6. Nc3 Nf6 7. h3 Nd7 8. Be3 e5 9. Qd2 h6 10. 0-0 Qe7 11. a4 Nf8 12. a5 Ne6 13. Na4 Nd4 14. Nh2 Be6 15. Kh1 c4 16. Bxd4 exd4 17. f4 0-0-0 18. f5 gxf5 19. exf5 Bd5 20. Ng4 Qh4 21. Kg1 1/2-1/2

[Event "USA PSW op 47th"]
[Site "Burbank"]
[Date "2007.06.30"]
[Round "3"]
[White "Aradhyula, Vaishnav"]
[Black "Taylor, Timothy"]
[Result "0-1"]
[WhiteElo "2141"]
[BlackElo "2337"]
[PlyCount "116"]
[EventDate "2007.06.29"]
[EventType "swiss"]
[EventRounds "5"]
[EventCountry "USA"]
[SourceTitle "CBM 119 Extra"]
[Source "ChessBase"]
[SourceDate "2007.09.04"]
[SourceVersion "1"]
[SourceVersionDate "2007.09.04"]
[SourceQuality "1"]

1. Nf3 f5 2. g3 Nf6 3. Bg2 d6 4. d4 e6 5. 0-0 Be7 6. c4 0-0 7. Nc3 Qe8 8. Re1 Qg6 9. e4 fxe4 10. Nxe4 Nxe4 11. Rxe4 Nc6 12. Qe2 Bf6 13. Bd2 e5 14. dxe5 Nxe5 15. Bc3 Nxf3+ 16. Qxf3 Bf5 17. Ree1 c6 18. Bxf6 Rxf6 19. Qb3 Rf7 20. Re3 Bb1 21. Qd1 Bc2 22. Qe2 Raf8 23. f4 Bf5 24. Re1 Bd7 25. Qd3 Qf6 26. Qc3 Qd8 27. Qd4 Qb8 28. Re7 Rxe7 29. Rxe7 Rf7 30. Re1 b6 31. Be4 Qf8 32. Qd3 g6 33. b4 d5 34. cxd5 Qxb4 35. Rb1 Qc5+ 36. Kh1 Qd6 37. Re1 Re7 38. Qc4 b5 39. Qd3 c5 40. Rd1 Bg4 41. Rf1 c4 42. Qd4 Qb6 43. Qxb6 axb6 44. Bg2 c3 45. Rc1 b4 46. h3 Bd7 47. Bf1 Re4 48. Kg1 Kf8 49. Rd1 Ba4 50. Rc1 Rd4 51. Kf2 c2 52. Be2 Rd1 53. Bxd1 cxd1Q 54. Rxd1 Bxd1 55. Ke3 Ke7 56. Kd4 Kd6 57. Kc4 Be2+ 58. Kxb4 Kxd5 0-1

[Event "US Amateur West-ch"]
[Site "Palo Verde"]
[Date "2003.05.25"]
[Round "3"]
[White "Aradhyula, Vaishnav"]
[Black "Bohm, David"]
[Result "0-1"]
[WhiteElo "1949"]
[BlackElo "1719"]
[PlyCount "64"]
[EventDate "2003.05.24"]
[EventType "swiss"]
[EventRounds "6"]
[EventCountry "USA"]
[SourceTitle "EXT 2014"]
[Source "ChessBase"]
[SourceDate "2013.11.20"]
[SourceVersion "1"]
[SourceVersionDate "2013.11.20"]
[SourceQuality "1"]

1. d4 Nf6 2. c4 c5 3. d5 b5 4. Nf3 bxc4 5. Nc3 g6 6. e4 d6 7. Bxc4 Bg7 8. h3 0-0 9. 0-0 Nbd7 10. Re1 Nb6 11. Bf1 Bb7 12. Be3 Re8 13. Bb5 Nfd7 14. Bf4 a6 15. Bxd7 Qxd7 16. Qb3 Nc8 17. e5 Na7 18. exd6 exd6 19. Ne4 Nb5 20. a4 Nd4 21. Nxd4 Bxd4 22. Rad1 Qf5 23. Qxb7 Qxf4 24. Kh1 Rab8 25. Qc7 Rxb2 26. Nf6+ Qxf6 27. Rxe8+ Kg7 28. Qc8 Qxf2 29. Rg8+ Kh6 30. Qg4 Re2 31. Qf3 Re1+ 32. Kh2 Be5+ 0-1